000 01446nam a2200277Ia 4500
999 _c49327
_d49327
001 16243
003 GE_BSU
005 20230406110623.0
008 181216s2010ge xx |||||||||||||| ||geo||
020 _a9789941131868x
040 _cGE_BSU
041 _ageo
080 _a330.101.541 ბ–74
100 _aბლანშერი, ოლივიე
_912368
245 _aმაკროეკონომიკა /
_cოლივიე ბლანშერი ; სამეც. რედ. იური ანანიაშვილი;მთარგმნ :. ნოდარ ხადური ; მალხაზ ჩიქობავა ; ნაზირა კაკულია.
250 _aმე-5 გამოცემა
264 _aთბილისი :
_bთბილისის უნ-ტის გამ-ბა,
_c2010.
300 _a874 გვ .:
_bილ,
_c26 სმ.
653 _aმაკროეკონომიკა
653 _aეკონომიკა
700 _aანანიაშვილი, იური
_eსამეცნიერო რედაქტორი
_9566
700 _a ხადური, ნოდარ
_eმთარგმნელი
_913297
700 _a ჩიქობავა, მალხაზ
_eმთარგმნელი
_913298
700 _aკაკულია, ,ნაზირა
_eმთარგმნელი
_913299
942 _cBK
_2udc